| 000 | 00532nam a22002057a 4500 | ||
|---|---|---|---|
| 003 | OSt | ||
| 005 | 20140310182911.0 | ||
| 008 | 130128t xxu||||| |||| 00| 0 eng d | ||
| 020 | _a9712325539 | ||
| 050 |
_aHD 1411 _b.F175 1999 |
||
| 082 |
_aFIL 338.1095 _b.F175 1999 |
||
| 245 |
_aAgricultural economics _cFajardo, Feliciano R. |
||
| 260 |
_aManila _bRex Book Store _c1999 |
||
| 300 |
_avi, 308 p. _c23 cm. |
||
| 521 | _acollege students | ||
| 526 | _c1210L-1700L | ||
| 541 | _j1 | ||
| 562 | _e1 | ||
| 942 |
_2lcc _cBK _kFIL |
||
| 999 |
_c17215 _d17215 |
||